[Event "TUR Cup"]
[Site "Antalya"]
[Date "2020.01.27"]
[Round "2"]
[White "Bilgin, Kaan Bora"]
[Black "Eryigit, Devrim"]
[Result "1-0"]
[WhiteElo "1267"]
[BlackElo "1006"]
[PlyCount "63"]
[EventDate "2020.01.26"]
[EventType "swiss"]
[EventRounds "11"]
[EventCountry "TUR"]
[SourceTitle "CBM 194 Extra"]
[Source "ChessBase"]
[SourceDate "2020.03.31"]
[SourceVersion "1"]
[SourceVersionDate "2020.03.31"]
[SourceQuality "1"]

1. e4 e6 2. d4 d5 3. Nd2 c5 4. exd5 exd5 5. Ngf3 Nc6 6. dxc5 Bxc5 7. Be2 Nf6 8. Nb3 Bb6 9. Bg5 0-0 10. 0-0 Be6 11. c3 Re8 12. Nbd4 Nxd4 13. Nxd4 Bxd4 14. Qxd4 Bd7 15. Bxf6 Qxf6 16. Qxf6 gxf6 17. Bf3 Bc6 18. Rad1 Rad8 19. Rd2 Re7 20. Rfd1 Red7 21. Bg4 Rd6 22. Rd4 b5 23. b3 Bb7 24. c4 a6 25. Bf3 Bc6 26. cxd5 Bb7 27. b4 f5 28. Rf4 Bxd5 29. Rfd4 Bxf3 30. Rxd6 Rxd6 31. Rxd6 Bb7 32. Rb6 1-0